00755nam a22001817a 450000500170000002000320001704000350004908200160008410000170010024502990011725000120041626000420042830000250047050400190049554600090051465000330052370000170055620251005122506.0 a8186196951cTZS 14074.694/= aMCCLbeng.eAACR 2nd. rev. ed. a346.048 ACH aAcharya, N.K aText book on intellectual property rights :b (copyright, trademark, patent design, geographical indications, protection of new plant varieties & farmers rights and protection of biodiversity, Confidential information, Information technology and registration of lay-out designs)c/ N.K. Acharya a4th ed. aHyderabad:bAsia Law House, c c2007. axxiv,362p .;c23 cm. aIncludes index aeng. aIntellectual property rights aAcharya, N.K